Vnitřní podmínky změn specializačního profilu české ekonomiky reflektujícich strategii Evropa 2020
Strategický rámec udržateľného rozvoja. Podpora podnikateľského prostredia. Národné ciele únijnej stratégie Európa 2020. Pozícia Českej republiky. Riziká perspektívnej rozvojovej stratégie českej ekonomiky.
Guardado en:
| Autor principal: | |
|---|---|
| Formato: | Capítulo de libro |
| Lenguaje: | checo |
| Materias: | |
| Etiquetas: |
Sin Etiquetas, Sea el primero en etiquetar este registro!
|
MARC
| LEADER | 00000naa a2200000 4500 | ||
|---|---|---|---|
| 001 | 0157521 | ||
| 005 | 20220713131349.0 | ||
| 041 | 0 | |a cze | |
| 044 | |a CZ | ||
| 245 | 1 | 0 | |a Vnitřní podmínky změn specializačního profilu české ekonomiky reflektujícich strategii Evropa 2020 |c Karel Zeman |
| 520 | |a Strategický rámec udržateľného rozvoja. Podpora podnikateľského prostredia. Národné ciele únijnej stratégie Európa 2020. Pozícia Českej republiky. Riziká perspektívnej rozvojovej stratégie českej ekonomiky. | ||
| 610 | 2 | 0 | |a globalizácia |
| 610 | 2 | 0 | |a kríza hospodárska |
| 610 | 2 | 0 | |a Česko |
| 610 | 2 | 0 | |a rozvoj trvalo udržateľný |
| 610 | 2 | 0 | |a politika hospodárska |
| 610 | 2 | 0 | |a Európska únia |
| 610 | 2 | 0 | |a prostredie podnikateľské |
| 100 | 1 | |a Zeman, Karel | |